España agrícola, La : publicación mensual de la Comisión Central y Depósito de Máquinas Agrícolas y Abonos Fosfatados / dirigida por Don José de Hidalgo Tablada publicación mensual de la Comisión Central y Depósito de Máquinas Agrícolas y Abonos Fosfatados / dirigida por Don José de Hidalgo Tablada
Descripción Física:
Gravats ; 28 cm
MARC
| LEADER | 00000nam a2200000Ia 4500 | ||
|---|---|---|---|
| 001 | |||
| 008 | 160829s9999 xx 000 0 cat d | ||
| 080 | |a 694, exp. 3 | ||
| 245 | |a España agrícola, La : |b publicación mensual de la Comisión Central y Depósito de Máquinas Agrícolas y Abonos Fosfatados / dirigida por Don José de Hidalgo Tablada | ||
| 260 | |a Madrid : |b Impr. de la Sra. Vda. e Hijos de D. J. Cuesta, [1862] - | ||
| 300 | |a Gravats ; |c 28 cm | ||
| 590 | |a Mensual. | ||
| 590 | |a Descripció basada en: Año 1, núm. 2 (sept. 1862). | ||
| 650 | |a Agricultura |x Revistes |9 28453 | ||
| 650 | |a Ramaderia |x Revistes |9 48197 | ||
| 700 | |a Espanya. Comisión Central y Depósito de Máquinas Agrícolas y Abonos Fosfatados |9 48198 | ||
| 866 | |a Any 1, 1862 (2) | ||
| 901 | |a Arxiu | ||
| 942 | |n 1 | ||
| 952 | |0 0 |1 0 |4 0 |6 694_EXP_3 |7 1 |9 54386 |a Arxiu |b Arxiu |d 2016-12-01 |l 0 |o 694, exp. 3 |r 2016-12-01 00:00:00 |w 2016-12-01 |y ARXIU | ||
| 999 | |c 58255 |d 58255 | ||